| 000 -LEADER |
| fixed length control field |
01906mam a22003494a 4500 |
| 001 - CONTROL NUMBER |
| control field |
3382098 |
| 003 - CONTROL NUMBER IDENTIFIER |
| control field |
NUST - PNEC |
| 005 - DATE AND TIME OF LATEST TRANSACTION |
| control field |
20170116181117.0 |
| 008 - FIXED-LENGTH DATA ELEMENTS--GENERAL INFORMATION |
| fixed length control field |
020618s2003 njua b 001 0 eng |
| 010 ## - LIBRARY OF CONGRESS CONTROL NUMBER |
| LC control number |
2002026369 |
| 015 ## - NATIONAL BIBLIOGRAPHY NUMBER |
| National bibliography number |
GBA3-01887 |
| 020 ## - INTERNATIONAL STANDARD BOOK NUMBER |
| International Standard Book Number |
0471413895 (cloth : alk. paper) |
| 020 ## - INTERNATIONAL STANDARD BOOK NUMBER |
| International Standard Book Number |
0471389374 (WIE) |
| 035 ## - SYSTEM CONTROL NUMBER |
| System control number |
(OCoLC)ocm50041632 |
| 040 ## - CATALOGING SOURCE |
| Original cataloging agency |
DLC |
| Transcribing agency |
LIBRARY |
| Modifying agency |
UKM |
| -- |
OrLoB-B |
| 042 ## - AUTHENTICATION CODE |
| Authentication code |
pcc |
| 050 00 - LIBRARY OF CONGRESS CALL NUMBER |
| Classification number |
TS177 |
| Item number |
.F324 2003 |
| 082 00 - DEWEY DECIMAL CLASSIFICATION NUMBER |
| Classification number |
725.4 TOM |
| Edition number |
21 |
| 100 ## - MAIN ENTRY--PERSONAL NAME |
| 9 (RLIN) |
13279 |
| Personal name |
Tompkins, James A. |
| 245 00 - TITLE STATEMENT |
| Title |
Facilities planning / |
| Statement of responsibility, etc. |
James A. Tompkins |
| 250 ## - EDITION STATEMENT |
| Edition statement |
3rd ed. |
| 260 ## - PUBLICATION, DISTRIBUTION, ETC. |
| Place of publication, distribution, etc. |
Hoboken, NJ : |
| Name of publisher, distributor, etc. |
J. Wiley, |
| Date of publication, distribution, etc. |
c2003. |
| 300 ## - PHYSICAL DESCRIPTION |
| Extent |
x, 750 p. : |
| Other physical details |
ill. ; |
| Dimensions |
26 cm. |
| 504 ## - BIBLIOGRAPHY, ETC. NOTE |
| Bibliography, etc. note |
Includes bibliographical references and index. |
| 505 00 - FORMATTED CONTENTS NOTE |
| Miscellaneous information |
Pt. 1. |
| Title |
Defining Requirements -- |
| Miscellaneous information |
Ch. 1. |
| Title |
Introduction -- |
| Miscellaneous information |
Ch. 2. |
| Title |
Product, Process, and Schedule Design -- |
| Miscellaneous information |
Ch. 3. |
| Title |
Flow, Space, and Activity Relationships -- |
| Miscellaneous information |
Ch. 4. |
| Title |
Personnel Requirements -- |
| Miscellaneous information |
Pt. 2. |
| Title |
Developing Alternatives: Concepts and Techniques -- |
| Miscellaneous information |
Ch. 5. |
| Title |
Material Handling -- |
| Miscellaneous information |
Ch. 6. |
| Title |
Layout Planning Models and Design Algorithms -- |
| Miscellaneous information |
Pt. 3. |
| Title |
Facility Design for Various Facilities Functions -- |
| Miscellaneous information |
Ch. 7. |
| Title |
Warehouse Operations -- |
| Miscellaneous information |
Ch. 8. |
| Title |
Manufacturing Systems -- |
| Miscellaneous information |
Ch. 9. |
| Title |
Facilities Systems -- |
| Miscellaneous information |
Pt. 4. |
| Title |
Developing Alternatives: Quantitative Approaches -- |
| Miscellaneous information |
Ch. 10. |
| Title |
Quantitative Facilities Planning Models -- |
| Miscellaneous information |
Pt. 5. |
| Title |
Evaluating, Selecting, Preparing, Presenting, Implementing, and Maintaining -- |
| Miscellaneous information |
Ch. 11. |
| Title |
Evaluating and Selecting the Facilities Plan -- |
| Miscellaneous information |
Ch. 12. |
| Title |
Preparing, Presenting, Implementing, and Maintaining the Facilities Plan. |
| 650 #0 - SUBJECT ADDED ENTRY--TOPICAL TERM |
| Topical term or geographic name entry element |
Factories |
| General subdivision |
Design and construction. |
| 650 #0 - SUBJECT ADDED ENTRY--TOPICAL TERM |
| Topical term or geographic name entry element |
Facility management. |
| General subdivision |
MIS |
| 700 1# - ADDED ENTRY--PERSONAL NAME |
| Personal name |
Tompkins, James A. |
| 856 41 - ELECTRONIC LOCATION AND ACCESS |
| Materials specified |
Table of contents |
| Uniform Resource Identifier |
<a href="http://www.loc.gov/catdir/toc/wiley023/2002026369.html">http://www.loc.gov/catdir/toc/wiley023/2002026369.html</a> |
| 900 ## - EQUIVALENCE OR CROSS-REFERENCE-PERSONAL NAME [LOCAL, CANADA] |
| Numeration |
TOC |
| 942 ## - ADDED ENTRY ELEMENTS (KOHA) |
| Source of classification or shelving scheme |
|
| Koha item type |
Book |